| 000 | 00577nam a2200193 i 4500 | ||
|---|---|---|---|
| 001 | 136515 | ||
| 003 | ES-MaACL | ||
| 005 | 20230906195144.0 | ||
| 007 | t| | ||
| 008 | 070214s1979 sp r ||||1| spa d | ||
| 020 | _a84-00-04442-8 | ||
| 100 | 0 |
_aSáez Gámez, Mariano. _9101372 |
|
| 245 | 1 | 0 |
_aHidalguías de Jaén / _cMariano Sáez Gámez. |
| 260 |
_aMadrid : _bHidalgía, Instituto Salazar y Castro, _c1979. |
||
| 300 |
_a226 p. ; _c26 cm. |
||
| 650 | 4 |
_aNobleza- _zJaén. _9157795 |
|
| 710 | 2 |
_aInstituto Salazar y Castro. _95230 |
|
| 852 |
_aES-MaACL _jL-9784 _bR.111011 |
||
| 999 |
_c136515 _d136515 |
||